[Event "Locri op 3rd"]
[Site "Locri"]
[Date "2015.07.13"]
[Round "1"]
[White "Cartella, Giovanni"]
[Black "Drasko, Milan"]
[Result "0-1"]
[WhiteElo "1817"]
[BlackElo "2437"]
[PlyCount "80"]
[EventDate "2015.07.13"]
[EventType "swiss"]
[EventRounds "9"]
[EventCountry "ITA"]
[SourceTitle "EXT 2024"]
[Source "ChessBase"]
[SourceDate "2023.10.10"]
[SourceVersion "1"]
[SourceVersionDate "2023.10.10"]
[SourceQuality "1"]

1. d4 e6 2. Nf3 Nf6 3. Bg5 c5 4. e3 Be7 5. c3 b6 6. Bd3 Bb7 7. Nbd2 Nc6 8. Qc2 cxd4 9. exd4 Rc8 10. Qa4 a6 11. 0-0 Nd5 12. Bxe7 Qxe7 13. Rfe1 b5 14. Qd1 0-0 15. a4 Nf4 16. Bf1 b4 17. c4 Na5 18. b3 d6 19. d5 e5 20. g3 Ng6 21. Nd4 Qc7 22. Nc2 Qb6 23. Rb1 f5 24. Bh3 Rf6 25. Nf3 Rb8 26. Ng5 Bc8 27. Qh5 Nf8 28. Qd1 Nb7 29. Qd2 Nc5 30. Bg2 h6 31. Nh3 Ng6 32. Kh1 f4 33. Ng1 Bf5 34. f3 fxg3 35. hxg3 a5 36. Bf1 Rbf8 37. g4 Bxc2 38. Qxc2 Nf4 39. Rbd1 Qd8 40. Re3 h5 0-1

[Event "Milan Crespi op-B 30th"]
[Site "Milan"]
[Date "2009.12.05"]
[Round "2"]
[White "Krstic, Dragan"]
[Black "Cartella, Giovanni"]
[Result "1-0"]
[WhiteElo "1810"]
[BlackElo "1872"]
[PlyCount "91"]
[EventDate "2009.12.04"]
[EventType "swiss"]
[EventRounds "7"]
[EventCountry "ITA"]
[SourceTitle "EXT 2012"]
[Source "ChessBase"]
[SourceDate "2011.11.24"]
[SourceVersion "1"]
[SourceVersionDate "2011.11.24"]
[SourceQuality "1"]

1. e4 c5 2. Nf3 d6 3. d4 cxd4 4. Nxd4 Nf6 5. Nc3 a6 6. Be2 e5 7. Nf3 h6 8. 0-0 Be7 9. Rb1 0-0 10. h3 Be6 11. Be3 b5 12. a3 Nc6 13. Qd2 Na5 14. Rfe1 Rc8 15. Nd5 Bxd5 16. exd5 Nc4 17. Bxc4 Rxc4 18. b3 Rc8 19. Ba7 Qc7 20. Be3 Qxc2 21. Qa5 Nxd5 22. Rec1 Qg6 23. Qxa6 Rxc1+ 24. Rxc1 Nxe3 25. fxe3 Qd3 26. Qa7 Qxb3 27. Kh1 Bf6 28. Re1 Qc3 29. Rd1 e4 30. Ng1 Be5 31. Rf1 Qc6 32. Qe7 Qe8 33. Qb7 Qa8 34. Qxb5 Qxa3 35. Re1 Qc5 36. Qd7 Qc3 37. Re2 Ra8 38. Qb7 Ra4 39. g4 Rb4 40. Qd7 Rb1 41. Qe8+ Kh7 42. Qxf7 Bf6 43. g5 Bxg5 44. Qf5+ Kg8 45. Qe6+ Kh8 46. Qe8+ 1-0

[Event "Milan Crespi op-B 29th"]
[Site "Milan"]
[Date "2008.12.06"]
[Round "3"]
[White "Rossi, Giampiero"]
[Black "Cartella, Giovanni"]
[Result "1-0"]
[WhiteElo "1984"]
[BlackElo "1861"]
[PlyCount "33"]
[EventDate "2008.12.05"]
[EventType "swiss"]
[EventRounds "7"]
[EventCountry "ITA"]
[SourceTitle "EXT 2010"]
[Source "ChessBase"]
[SourceDate "2010.11.25"]
[SourceVersion "1"]
[SourceVersionDate "2010.11.25"]
[SourceQuality "1"]

1. d4 d5 2. c4 c6 3. cxd5 cxd5 4. Nc3 Nf6 5. Nf3 e6 6. Bf4 a6 7. e3 Be7 8. Bd3 Nbd7 9. h3 Qb6 10. Qb3 Qxb3 11. axb3 0-0 12. 0-0 b5 13. Nxb5 e5 14. Nxe5 Nh5 15. Nc7 Ra7 16. Nxd5 Nxe5 17. Nxe7+ 1-0

[Event "Milan Crespi op-B 29th"]
[Site "Milan"]
[Date "2008.12.04"]
[Round "1"]
[White "Guzzetti, Luigi Enrico"]
[Black "Cartella, Giovanni"]
[Result "0-1"]
[WhiteElo "1862"]
[BlackElo "1861"]
[PlyCount "118"]
[EventDate "2008.12.05"]
[EventType "swiss"]
[EventRounds "7"]
[EventCountry "ITA"]
[SourceTitle "EXT 2010"]
[Source "ChessBase"]
[SourceDate "2010.11.25"]
[SourceVersion "1"]
[SourceVersionDate "2010.11.25"]
[SourceQuality "1"]

1. e4 c5 2. Nf3 d6 3. d4 cxd4 4. Nxd4 Nf6 5. Nc3 a6 6. Be2 e6 7. Be3 Be7 8. 0-0 0-0 9. a4 Qc7 10. f4 Nc6 11. Bf3 Bd7 12. Nb3 b6 13. Qe2 Bc8 14. Rad1 Bb7 15. Qf2 Nd7 16. Qg3 Rfd8 17. h4 Nc5 18. h5 Bf6 19. h6 g6 20. f5 Ne5 21. fxg6 Nxg6 22. Nxc5 bxc5 23. Bh5 Qe7 24. Bxg6 fxg6 25. Bf4 e5 26. Be3 Rf8 27. Qe1 Rad8 28. Qd2 Qe6 29. Nd5 Bxd5 30. Qxd5 Qxd5 31. Rxd5 Be7 32. Rfd1 Rb8 33. Bxc5 dxc5 34. Rxe5 Rb7 35. b3 Rf4 36. g3 Rf3 37. Kg2 Rc3 38. Rd2 Kf7 39. Rf2+ Bf6 40. g4 Rxc2 41. Rxc2 Bxe5 42. Rxc5 Bf4 43. g5 Be3 44. Ra5 Rxb3 45. Rxa6 Bxg5 46. Ra7+ Be7 47. a5 Re3 48. a6 Rxe4 49. Rb7 Ra4 50. a7 Kf6 51. Kf3 Bc5 52. Rxh7 Rxa7 53. Rh8 Ba3 54. Kg4 Ra4+ 55. Kf3 Rh4 56. Kg3 Rh5 57. Kg4 Kf7 58. h7 Bf8 59. Kf4 Bg7 0-1

[Event "Milan Crespi op-B 28th"]
[Site "Milan"]
[Date "2007.12.07"]
[Round "2"]
[White "Cartella, Giovanni"]
[Black "Pietralunga, Vittorio"]
[Result "1-0"]
[WhiteElo "1868"]
[BlackElo "1625"]
[PlyCount "96"]
[EventDate "2007.12.06"]
[EventType "swiss"]
[EventRounds "6"]
[EventCountry "ITA"]
[SourceTitle "EXT 2009"]
[Source "ChessBase"]
[SourceDate "2008.11.26"]
[SourceVersion "1"]
[SourceVersionDate "2008.11.26"]
[SourceQuality "1"]

1. d4 d5 2. Nf3 Nf6 3. Bg5 e6 4. e3 Be7 5. Bd3 Nc6 6. c3 a6 7. Qc2 Qd6 8. Bf4 Qd8 9. Nbd2 Bd6 10. Bg3 Qe7 11. Bh4 e5 12. dxe5 Bxe5 13. Nxe5 Nxe5 14. Be2 g6 15. 0-0 Bf5 16. Qb3 c6 17. Bxf6 Qxf6 18. Qxb7 0-0 19. Qb3 Bd3 20. Bxd3 Nxd3 21. Qc2 Ne5 22. e4 Rfd8 23. exd5 cxd5 24. Nb3 Rac8 25. h3 d4 26. Rad1 d3 27. Qb1 Rd7 28. Nd4 Rcd8 29. f4 Nc6 30. Rxd3 Nxd4 31. Rxd4 Rxd4 32. cxd4 Qxd4+ 33. Kh2 Rd7 34. Qc1 Qd3 35. Rf3 Qd6 36. Qe3 Re7 37. Qd3 Qb6 38. b3 Re1 39. Rf1 Re3 40. Qd2 Re4 41. Rd1 Kg7 42. Rc1 Rd4 43. Qe3 Kh6 44. Rd1 Rd6 45. Qxb6 Rxb6 46. Kg3 f5 47. Kf3 Re6 48. Rd7 Kh5 1-0

[Event "Gorgonzola op-B 12th"]
[Site "Gorgonzola"]
[Date "2007.11.11"]
[Round "3"]
[White "Cartella, Giovanni"]
[Black "Crippa, Mario"]
[Result "0-1"]
[WhiteElo "1868"]
[BlackElo "1901"]
[PlyCount "64"]
[EventDate "2007.11.10"]
[EventType "swiss"]
[EventRounds "6"]
[EventCountry "ITA"]
[SourceTitle "EXT 2010"]
[Source "ChessBase"]
[SourceDate "2010.11.25"]
[SourceVersion "1"]
[SourceVersionDate "2010.11.25"]
[SourceQuality "1"]

1. d4 Nf6 2. Nf3 d6 3. Bg5 g6 4. e3 Bg7 5. Bd3 0-0 6. c3 Nbd7 7. Qc2 c5 8. Nbd2 b6 9. h4 h5 10. Bxf6 Nxf6 11. 0-0-0 Bg4 12. dxc5 bxc5 13. e4 Rc8 14. Bc4 d5 15. exd5 Nxd5 16. Ne4 e6 17. Rd3 Qa5 18. Kb1 Bf5 19. Nfd2 Rfd8 20. f3 Rb8 21. Rd1 Nf4 22. Rxd8+ Rxd8 23. Nb3 Rxd1+ 24. Qxd1 Qa4 25. Bf1 Nd5 26. Ka1 c4 27. Nec5 Qb5 28. Qe2 Nxc3 29. Qxc4 Nd1 30. Ne4 Qxc4 31. Bxc4 Nxb2 32. Bf1 Na4+ 0-1

[Event "Cologno Monzese op 26th"]
[Site "Cologno Monzese"]
[Date "2007.10.12"]
[Round "5"]
[White "Cartella, Giovanni"]
[Black "Cani, Gazmir"]
[Result "0-1"]
[WhiteElo "1868"]
[BlackElo "1452"]
[PlyCount "76"]
[EventDate "2007.09.14"]
[EventType "swiss"]
[EventRounds "6"]
[EventCountry "ITA"]
[SourceTitle "EXT 2024"]
[Source "ChessBase"]
[SourceDate "2023.10.10"]
[SourceVersion "1"]
[SourceVersionDate "2023.10.10"]
[SourceQuality "1"]

1. d4 Nf6 2. Nf3 d5 3. Bg5 Ne4 4. Bh4 c5 5. c3 cxd4 6. Nxd4 Qb6 7. Qc1 e5 8. Nb3 Be7 9. Bg3 Nc6 10. e3 Bf5 11. N1d2 Nxg3 12. hxg3 Rc8 13. Qd1 h6 14. Nf3 Rd8 15. Nh4 Be6 16. Nf3 a5 17. Qe2 a4 18. Nc1 d4 19. exd4 exd4 20. Qb5 Qxb5 21. Bxb5 a3 22. bxa3 dxc3 23. Nb3 0-0 24. 0-0 Bxa3 25. Bxc6 bxc6 26. Nbd4 Bc4 27. Rfe1 c5 28. Nc2 Bb2 29. Rad1 Rxd1 30. Rxd1 Be2 31. Rd5 c4 32. Nfd4 Bd3 33. a4 Ra8 34. a5 Bc1 35. Ne1 Bd2 36. Nxd3 cxd3 37. Nb3 Rb8 38. Nxd2 cxd2 0-1

[Event "Cologno Monzese op 26th"]
[Site "Cologno Monzese"]
[Date "2007.09.28"]
[Round "3"]
[White "Cartella, Giovanni"]
[Black "Borgni, Cristiano"]
[Result "1-0"]
[WhiteElo "1868"]
[BlackElo "1817"]
[PlyCount "73"]
[EventDate "2007.09.14"]
[EventType "swiss"]
[EventRounds "6"]
[EventCountry "ITA"]
[SourceTitle "EXT 2024"]
[Source "ChessBase"]
[SourceDate "2023.10.10"]
[SourceVersion "1"]
[SourceVersionDate "2023.10.10"]
[SourceQuality "1"]

1. d4 d5 2. Nf3 Nf6 3. Bg5 Ne4 4. Bf4 Nc6 5. e3 g6 6. Nbd2 Nxd2 7. Qxd2 Bg7 8. c3 0-0 9. h4 h5 10. Bd3 Bg4 11. Nh2 Be6 12. Qe2 Qd7 13. Rg1 Rac8 14. g4 hxg4 15. Nxg4 Bxg4 16. Rxg4 e5 17. dxe5 Nxe5 18. Bxe5 Bxe5 19. h5 Bg7 20. hxg6 fxg6 21. Rxg6 Qh3 22. 0-0-0 c5 23. Rdg1 Rc7 24. R6g3 Qh6 25. Qg4 Rxf2 26. Rh3 Qf6 27. Qh5 Kf8 28. Qxd5 Ke8 29. Bb5+ Rc6 30. Rd1 Qg6 31. Bxc6+ Qxc6 32. Qd8+ Kf7 33. Rd7+ Ke6 34. Qe7+ Kf5 35. Rh5+ Kg4 36. Qg5+ Kf3 37. Qf4+ 1-0

[Event "Bratto Martesana op"]
[Site "Bratto"]
[Date "2006.11.18"]
[Round "4"]
[White "Cartella, Giovanni"]
[Black "Fiorili, Roberto"]
[Result "0-1"]
[WhiteElo "1851"]
[BlackElo "1942"]
[PlyCount "80"]
[EventDate "2006.11.11"]
[EventType "swiss"]
[EventRounds "6"]
[EventCountry "ITA"]
[SourceTitle "EXT 2008"]
[Source "ChessBase"]
[SourceDate "2007.11.25"]
[SourceVersion "1"]
[SourceVersionDate "2007.11.25"]
[SourceQuality "1"]

1. d4 f5 2. Nf3 Nf6 3. Bf4 g6 4. e3 Bg7 5. c3 d6 6. Nbd2 h6 7. Bc4 e6 8. h3 Qe7 9. Qc2 0-0 10. 0-0-0 Bd7 11. g4 g5 12. Bg3 fxg4 13. hxg4 Nxg4 14. Qe4 Nf6 15. Qxb7 Bc6 16. Qb3 Bd5 17. Bxd5 Nxd5 18. Qc2 Nd7 19. Ne1 Rab8 20. Nd3 e5 21. dxe5 dxe5 22. Ne4 Rb6 23. Nxe5 Nxe5 24. Rxd5 Nc4 25. Nxg5 hxg5 26. Qh7+ Kf7 27. Rhd1 Rh6 28. Qd3 Nd6 29. Bxd6 Rxd6 30. Qc4 Rxd5 31. Rxd5 Kg6 32. Qd3+ Kh6 33. Rd7 Qe5 34. Rd5 Qf6 35. f4 gxf4 36. Qe4 f3 37. Qg4 Kh7 38. Qc4 Qg6 39. Qf1 f2 40. Qh3+ Kg8 0-1

[Event "Bratto Martesana op"]
[Site "Bratto"]
[Date "2006.11.12"]
[Round "2"]
[White "Cartella, Giovanni"]
[Black "Oteri, Aldo"]
[Result "1-0"]
[WhiteElo "1851"]
[BlackElo "1954"]
[PlyCount "97"]
[EventDate "2006.11.11"]
[EventType "swiss"]
[EventRounds "6"]
[EventCountry "ITA"]
[SourceTitle "EXT 2008"]
[Source "ChessBase"]
[SourceDate "2007.11.25"]
[SourceVersion "1"]
[SourceVersionDate "2007.11.25"]
[SourceQuality "1"]

1. d4 e6 2. Nf3 d5 3. Bf4 Nf6 4. e3 c5 5. c3 Nc6 6. Nbd2 Be7 7. dxc5 Bxc5 8. Bd3 0-0 9. Qc2 Qe7 10. Ne5 h6 11. h3 Nh5 12. Nxc6 bxc6 13. Bh2 f5 14. 0-0 e5 15. Be2 Nf6 16. Qa4 Bd7 17. Qh4 Kh7 18. Qa4 Bb6 19. Qc2 g5 20. Rad1 e4 21. b4 Be8 22. Nb3 Bh5 23. Nd4 Bxd4 24. cxd4 Bxe2 25. Qxe2 Qxb4 26. Rb1 Qe7 27. Qa6 Rf7 28. Qxc6 Rd8 29. Be5 Nh5 30. Rb5 Qd7 31. Rc1 Qxc6 32. Rxc6 f4 33. Ra5 fxe3 34. fxe3 Ng7 35. Bxg7 Kxg7 36. Raa6 Rh8 37. Rg6+ Kf8 38. Rxh6 Rxh6 39. Rxh6 Kg7 40. Re6 Rd7 41. Re5 Kf6 42. Kf2 Rc7 43. a4 Rc2+ 44. Kg3 Re2 45. Rxd5 Rxe3+ 46. Kf2 Rd3 47. a5 a6 48. Rd6+ Kf5 49. g4+ 1-0

[Event "Bratto Martesana op"]
[Site "Bratto"]
[Date "2006.11.12"]
[Round "3"]
[White "Eynard, Valdo"]
[Black "Cartella, Giovanni"]
[Result "1/2-1/2"]
[WhiteElo "1986"]
[BlackElo "1851"]
[PlyCount "88"]
[EventDate "2006.11.11"]
[EventType "swiss"]
[EventRounds "6"]
[EventCountry "ITA"]
[SourceTitle "EXT 2008"]
[Source "ChessBase"]
[SourceDate "2007.11.25"]
[SourceVersion "1"]
[SourceVersionDate "2007.11.25"]
[SourceQuality "1"]

1. e4 c5 2. Nf3 d6 3. d4 cxd4 4. Nxd4 Nf6 5. Nc3 a6 6. Be2 e6 7. a4 Be7 8. 0-0 0-0 9. Be3 Qc7 10. a5 Nbd7 11. f4 b5 12. axb6 Nxb6 13. f5 e5 14. Nb3 Bb7 15. Bd3 Nc4 16. Bxc4 Qxc4 17. Na5 Qc7 18. Nxb7 Qxb7 19. Qd3 Ng4 20. Nd5 Bd8 21. b3 Nxe3 22. Qxe3 Rb8 23. Kh1 f6 24. Qd3 a5 25. Rf3 Bb6 26. Rh3 Bc5 27. Qe2 Bb4 28. Qh5 h6 29. Qg6 Kh8 30. g4 Qf7 31. Qxf7 Rxf7 32. Rd3 Rd7 33. Kg2 Kg8 34. Kf3 Kf7 35. h4 Ke8 36. Rh1 Rf7 37. g5 Kd7 38. Rg1 fxg5 39. hxg5 hxg5 40. Rxg5 Bc5 41. Rd2 Rh8 42. Rdg2 Rh7 43. Rg6 Kc6 44. c4 Rb7 1/2-1/2

[Event "Milan Crespi op 26th"]
[Site "Milan"]
[Date "2005.12.08"]
[Round "3"]
[White "Bellani, Alessandro"]
[Black "Cartella, Giovanni"]
[Result "1-0"]
[WhiteElo "2116"]
[BlackElo "1937"]
[PlyCount "51"]
[EventDate "2005.12.07"]
[EventType "swiss"]
[EventRounds "7"]
[EventCountry "ITA"]
[SourceTitle "EXT 2007"]
[Source "ChessBase"]
[SourceDate "2006.11.23"]
[SourceVersion "1"]
[SourceVersionDate "2006.11.23"]
[SourceQuality "1"]

1. d4 d5 2. c4 c6 3. Nf3 Bf5 4. Nc3 e6 5. a3 Nf6 6. Bg5 h6 7. Bh4 Qb6 8. Bxf6 gxf6 9. b4 Nd7 10. cxd5 cxd5 11. e3 Bg7 12. Bd3 Bxd3 13. Qxd3 0-0 14. Na4 Qd6 15. Rc1 e5 16. Nh4 e4 17. Qe2 Kh7 18. 0-0 Rfc8 19. Qg4 Qe6 20. Nf5 Rg8 21. Qh5 Bf8 22. h4 Rg6 23. Rc7 Bg7 24. Rfc1 Rg8 25. Rxb7 Bf8 26. g3 1-0

[Event "Milan Crespi op 26th"]
[Site "Milan"]
[Date "2005.12.08"]
[Round "2"]
[White "Cartella, Giovanni"]
[Black "Brugo, Marco"]
[Result "1-0"]
[WhiteElo "1937"]
[BlackElo "2036"]
[PlyCount "53"]
[EventDate "2005.12.07"]
[EventType "swiss"]
[EventRounds "7"]
[EventCountry "ITA"]
[SourceTitle "EXT 2007"]
[Source "ChessBase"]
[SourceDate "2006.11.23"]
[SourceVersion "1"]
[SourceVersionDate "2006.11.23"]
[SourceQuality "1"]

1. d4 e6 2. Nf3 f5 3. Bf4 Nf6 4. e3 b6 5. Bd3 Bb7 6. Nbd2 Be7 7. c3 0-0 8. Qc2 Nh5 9. h4 Nxf4 10. exf4 c5 11. dxc5 Bxc5 12. Rg1 Nc6 13. g4 Qc7 14. gxf5 Qxf4 15. 0-0-0 Rac8 16. fxe6 Nb4 17. Bxh7+ Kh8 18. Qg6 Qf6 19. Qxf6 Rxf6 20. exd7 Nxa2+ 21. Kb1 Nxc3+ 22. bxc3 Rd8 23. Ng5 Rxd7 24. Nde4 Bxe4+ 25. Bxe4 Rfd6 26. Rxd6 Bxd6 27. Rd1 1-0

[Event "Corsico op 31st"]
[Site "Corsico"]
[Date "2004.10.02"]
[Round "2"]
[White "Cartella, Giovanni"]
[Black "Sartorio, Diego"]
[Result "1-0"]
[WhiteElo "1909"]
[BlackElo "1962"]
[PlyCount "75"]
[EventDate "2004.10.02"]
[EventType "swiss"]
[EventRounds "6"]
[EventCountry "ITA"]
[SourceTitle "EXT 2009"]
[Source "ChessBase"]
[SourceDate "2008.11.26"]
[SourceVersion "1"]
[SourceVersionDate "2008.11.26"]
[SourceQuality "1"]

1. d4 d5 2. Nf3 e6 3. Bf4 Nf6 4. e3 Be7 5. Bd3 Nbd7 6. c3 Nh5 7. Be5 Nhf6 8. Bg3 Bd6 9. Ne5 Bxe5 10. dxe5 Ng8 11. Qg4 g6 12. Bf4 Ne7 13. Nd2 c5 14. Nf3 Nc6 15. h4 Qc7 16. Qg3 Nf8 17. h5 Ne7 18. Bg5 Nf5 19. Qh3 Nd7 20. Bf6 Nxf6 21. exf6 Qb6 22. hxg6 fxg6 23. g4 Qxb2 24. 0-0 c4 25. gxf5 exf5 26. Qh6 Qxc3 27. Qg7 Qb4 28. Qxh8+ Qf8 29. f7+ Kxf7 30. Ng5+ Ke8 31. Qe5+ Qe7 32. Qxe7+ Kxe7 33. Be2 h6 34. Nf3 Be6 35. Nd4 Bf7 36. Rab1 b6 37. Bf3 Kd6 38. Rfc1 1-0

[Event "Corsico op 31st"]
[Site "Corsico"]
[Date "2004.10.02"]
[Round "1"]
[White "D'Apa, Matteo"]
[Black "Cartella, Giovanni"]
[Result "1-0"]
[WhiteElo "1973"]
[BlackElo "1909"]
[PlyCount "69"]
[EventDate "2004.10.02"]
[EventType "swiss"]
[EventRounds "6"]
[EventCountry "ITA"]
[SourceTitle "EXT 2009"]
[Source "ChessBase"]
[SourceDate "2008.11.26"]
[SourceVersion "1"]
[SourceVersionDate "2008.11.26"]
[SourceQuality "1"]

1. d4 d5 2. c4 c6 3. Nc3 e6 4. Nf3 Nf6 5. Bg5 Be7 6. e3 Nbd7 7. Bd3 dxc4 8. Bxc4 h6 9. Bh4 0-0 10. 0-0 Re8 11. Qe2 Nd5 12. Bxe7 Nxc3 13. bxc3 Qxe7 14. Nd2 c5 15. e4 b6 16. e5 Bb7 17. Ne4 Red8 18. Nd6 Bc6 19. Bb5 Bxb5 20. Qxb5 cxd4 21. cxd4 a6 22. Qc6 b5 23. a4 b4 24. a5 Nf8 25. Rfb1 Qd7 26. Qc4 Rdb8 27. Rxb4 Rxb4 28. Qxb4 Ng6 29. g3 Ne7 30. Rb1 Qc7 31. Qc5 Qxc5 32. dxc5 Nc6 33. Rb6 Nxe5 34. c6 Nxc6 35. Rxc6 1-0

[Event "Melegnano op 3rd"]
[Site "Melegnano"]
[Date "2004.02.14"]
[Round "3"]
[White "Dallaglio, Giovanni"]
[Black "Cartella, Giovanni"]
[Result "1/2-1/2"]
[WhiteElo "2023"]
[BlackElo "1812"]
[PlyCount "42"]
[EventDate "2004.02.13"]
[EventType "swiss"]
[EventRounds "5"]
[EventCountry "ITA"]
[SourceTitle "EXT 2008"]
[Source "ChessBase"]
[SourceDate "2007.11.25"]
[SourceVersion "1"]
[SourceVersionDate "2007.11.25"]
[SourceQuality "1"]

1. d4 Nf6 2. Nf3 d5 3. c4 e6 4. Nc3 c6 5. e3 Nbd7 6. Qc2 Bd6 7. Be2 h6 8. b3 0-0 9. 0-0 dxc4 10. bxc4 e5 11. Rb1 Re8 12. a4 a5 13. Nd2 Bb4 14. Bf3 Nb6 15. Bb2 exd4 16. exd4 Be6 17. c5 Nbd5 18. Nde4 Nxe4 19. Nxe4 Bf5 20. Rfe1 Bxe1 21. Rxe1 Bg6 1/2-1/2

[Event "Melegnano op 3rd"]
[Site "Melegnano"]
[Date "2004.02.13"]
[Round "1"]
[White "Cartella, Giovanni"]
[Black "Rosin, Federico"]
[Result "0-1"]
[WhiteElo "1812"]
[BlackElo "2137"]
[PlyCount "86"]
[EventDate "2004.02.13"]
[EventType "swiss"]
[EventRounds "5"]
[EventCountry "ITA"]
[SourceTitle "EXT 2008"]
[Source "ChessBase"]
[SourceDate "2007.11.25"]
[SourceVersion "1"]
[SourceVersionDate "2007.11.25"]
[SourceQuality "1"]

1. d4 d5 2. Nf3 e6 3. Bf4 Bd6 4. Bg3 Nf6 5. Nbd2 0-0 6. e3 b6 7. Bd3 c5 8. c3 Ba6 9. Bc2 Nc6 10. Ne5 Qc7 11. Ndf3 Ne4 12. Nxc6 Qxc6 13. Be5 f6 14. Bxd6 Qxd6 15. Bd3 Bxd3 16. Qxd3 c4 17. Qc2 b5 18. Nd2 Nxd2 19. Qxd2 a5 20. 0-0 Rab8 21. Rfe1 b4 22. e4 Rb6 23. Re2 bxc3 24. bxc3 Rfb8 25. Rae1 a4 26. exd5 Qxd5 27. f3 a3 28. Qe3 Rb2 29. Qxe6+ Qxe6 30. Rxe6 Rxa2 31. Re8+ Rxe8 32. Rxe8+ Kf7 33. Rc8 Ra1+ 34. Kf2 Rc1 35. Ra8 Rxc3 36. Ke2 Rc2+ 37. Kd1 Rxg2 38. Rxa3 Rxh2 39. Rc3 Ke6 40. Rxc4 h5 41. Rc5 g5 42. Ke1 h4 43. Ra5 Rb2 0-1

[Event "Corsico op 26th"]
[Site "Corsico"]
[Date "2003.05.03"]
[Round "5"]
[White "Gandolfi, Gianfranco"]
[Black "Cartella, Giovanni"]
[Result "1/2-1/2"]
[WhiteElo "2013"]
[BlackElo "1803"]
[PlyCount "35"]
[EventDate "2003.04.30"]
[EventType "swiss"]
[EventRounds "7"]
[EventCountry "ITA"]
[SourceTitle "EXT 2007"]
[Source "ChessBase"]
[SourceDate "2006.11.23"]
[SourceVersion "1"]
[SourceVersionDate "2006.11.23"]
[SourceQuality "1"]

1. e4 c5 2. Nf3 d6 3. d4 cxd4 4. Nxd4 Nf6 5. Nc3 a6 6. Bg5 e6 7. f4 Be7 8. Qf3 Qc7 9. 0-0-0 Nc6 10. Nxc6 bxc6 11. Bc4 Bb7 12. e5 dxe5 13. f5 c5 14. Qh3 exf5 15. Qxf5 0-0 16. Rhe1 e4 17. Bxf6 Bxf6 18. Nxe4 1/2-1/2

[Event "Corsico op 26th"]
[Site "Corsico"]
[Date "2003.05.02"]
[Round "4"]
[White "Cartella, Giovanni"]
[Black "Cereda, Loris"]
[Result "1/2-1/2"]
[WhiteElo "1803"]
[BlackElo "1917"]
[PlyCount "37"]
[EventDate "2003.04.30"]
[EventType "swiss"]
[EventRounds "7"]
[EventCountry "ITA"]
[SourceTitle "EXT 2007"]
[Source "ChessBase"]
[SourceDate "2006.11.23"]
[SourceVersion "1"]
[SourceVersionDate "2006.11.23"]
[SourceQuality "1"]

1. d4 Nf6 2. Nf3 e6 3. Bg5 d5 4. e3 c6 5. Bd3 Be7 6. c3 Nbd7 7. Nbd2 b6 8. Ne5 Bb7 9. Qa4 Qc7 10. Ndf3 Bd6 11. Bf4 Ne4 12. Qc2 Ndf6 13. Ng5 Nxg5 14. Bxg5 Bxe5 15. dxe5 Qxe5 16. Bf4 Qh5 17. Be2 Qg6 18. Bd3 Qh5 19. Be2 1/2-1/2

[Event "Corsico op 26th"]
[Site "Corsico"]
[Date "2003.05.01"]
[Round "3"]
[White "Cartella, Giovanni"]
[Black "Di Lascio, Savino"]
[Result "0-1"]
[WhiteElo "1803"]
[BlackElo "1895"]
[PlyCount "60"]
[EventDate "2003.04.30"]
[EventType "swiss"]
[EventRounds "7"]
[EventCountry "ITA"]
[SourceTitle "EXT 2007"]
[Source "ChessBase"]
[SourceDate "2006.11.23"]
[SourceVersion "1"]
[SourceVersionDate "2006.11.23"]
[SourceQuality "1"]

1. d4 Nf6 2. Nf3 e6 3. Bg5 Be7 4. e3 0-0 5. Bd3 d5 6. h4 b6 7. Ne5 Ba6 8. Bxa6 Nxa6 9. Nc6 Qd6 10. Nxe7+ Qxe7 11. c3 c5 12. Qf3 cxd4 13. Bxf6 gxf6 14. exd4 Kh8 15. Nd2 b5 16. a3 Rac8 17. Qe2 Nc7 18. Nf3 Rg8 19. g3 a6 20. h5 Ne8 21. Nh4 Nd6 22. g4 Ne4 23. Ng2 Qc7 24. Rc1 f5 25. Ne3 fxg4 26. Ng2 Rg5 27. h6 Rcg8 28. Qe3 Rf5 29. 0-0 Rf3 30. Qe1 Rh3 0-1